|
|
|
|
| LEADER |
00000naa2a2200000 4500 |
| 001 |
91541 |
| 005 |
20231031104129.0 |
| 035 |
|
|
|a (RuTPU)RU\TPU\book\98129
|
| 090 |
|
|
|a 91541
|
| 100 |
|
|
|a 20060227d2002 k y0rusy50 ca
|
| 101 |
0 |
|
|a rus
|
| 102 |
|
|
|a RU
|
| 200 |
1 |
|
|a Математическое моделирование лазерной следящей системы с оптико-электронным координатором для слежения за воздушным объектами
|f В. М. Рулевский
|g науч. рук. Л. К. Бурулько
|
| 463 |
|
0 |
|0 (RuTPU)RU\TPU\book\68512
|t Электротехника, электромеханика и электротехнологии
|o Труды Второй региональной научно-практической студенческой конференции, Томск, 4-7 июня 2002 г.
|f Томский политехнический университет; Электротехнический институт
|v С. 140-142.
|d 2002
|p 146 с.
|
| 610 |
1 |
|
|a следящие системы
|
| 610 |
1 |
|
|a лазерные системы
|
| 610 |
1 |
|
|a математические модели
|
| 610 |
1 |
|
|a оптико-электронные координаторы
|
| 610 |
1 |
|
|a логарифмические частотные характеристики
|
| 610 |
1 |
|
|a методы
|
| 610 |
1 |
|
|a труды учёных ТПУ
|
| 700 |
|
1 |
|a Рулевский
|b В. М.
|
| 702 |
|
1 |
|a Бурулько
|b Л. К.
|4 727
|
| 801 |
|
1 |
|a RU
|b 63413507
|c 20060227
|g PSBO
|
| 801 |
|
2 |
|a RU
|b 63413507
|c 20091001
|g RCR
|
| 942 |
|
|
|c BK
|